European Countries whose Capital isn't their Largest City - Statistics

General Stats
  • This quiz has been taken 64 times
  • The average score is 3 of 5
Answer Stats
Country % Correct
Switzerland
94%
Liechtenstein
59%
Malta
57%
San Marino
50%
Belgium
46%
No matching quizzes found
Score Distribution
Percent of People with Each Score
Percentile by Number Answered
Your Score History
You have not taken this quiz